Culture Générale - Série 1370 - Statistiques

Statistiques générales
  • Ce quiz a été pris 128 fois
  • Le résultat moyen est 6 sur 10
Statistiques - réponses
Question Réponse % Correct
En 1719, quel roman de Daniel Defoe raconte l'histoire d'un naufragé sur une île déserte ? Robinson Crusoé
94%
De pigeons qui font entendre leur cri ou d'amoureux qui tiennent des propos tendres et langoureux, on dit qu'ils... roucoulent
92%
Quelle forme de conversation peut être "de sourds", quand deux personnes ne s'écoutent pas l'une l'autre ? dialogue
90%
Quel pays est séparé de l'Italie par le massif de la Bernina ? Suisse
82%
Comment appelle-t-on la personne qui écrit des fables ? fabuliste
75%
Quelle ville est le chef-lieu du département de l'Ariège ? Foix
64%
En 2003, dans une émission de téléréalité de TF1, Grégory Basso était "Greg le... millionnaire
61%
Quel terme américain désigne le territoire situé à l'ouest du Mississippi, qui a été conquis au cours du XIXe siècle ? Far West
39%
A quel poète doit-on le recueil de 1558 "Les Regrets" ? Joachim du Bellay
22%
Quel petit ustensile se fixe sur le manche d'une guitare, pour en modifier la tonalité ? capodastre
21%
Aucun quiz correspondant
Distribution des résultats
% des personnes avec chaque résultat
Percentile par nombre de réponses
Votre historique - résultats
Vous n’avez pas pris ce quiz